Loading...
| Mythology | 0 | 5 | 0 | 0 | 50 | 22 | 70.80 | 1 | 2 |
| Philosophy | 0 | 3 | 0 | 1 | 30 | 121 | 126.00 | 0 | 0 |
| History - Other History | 0 | 2 | 0 | 0 | 20 | 37 | 56.00 | 0 | 2 |
| Literature - American Literature | 0 | 2 | 0 | 0 | 20 | 101 | 106.00 | 0 | 0 |
| Religion | 0 | 2 | 0 | 0 | 20 | 51 | 84.00 | 0 | 1 |
| Fine Arts - Classical Music | 0 | 2 | 1 | 0 | 15 | 51 | 81.00 | 0 | 2 |
| Literature - European Literature | 0 | 1 | 0 | 1 | 10 | 126 | 126.00 | 0 | 0 |
| Fine Arts - Other Fine Arts | 0 | 1 | 0 | 0 | 10 | 146 | 146.00 | 0 | 0 |
| History - American History | 0 | 1 | 0 | 0 | 10 | 115 | 115.00 | 0 | 0 |
| History - European History | 0 | 1 | 0 | 0 | 10 | 50 | 50.00 | 1 | 1 |
| Literature - World/Other Literature | 0 | 1 | 0 | 0 | 10 | 91 | 91.00 | 1 | 1 |
| Other Academic | 0 | 1 | 0 | 1 | 10 | 106 | 106.00 | 0 | 0 |
| Science - Biology | 0 | 0 | 1 | 0 | -5 | 0.00 | 0 | 0 |